Vista normal
Vista MARC
Entrada Personal Name
Número de registros utilizados en: 2
001 - CONTROL NUMBER
- control field: 65013
003 - CONTROL NUMBER IDENTIFIER
- control field: OSt
005 - DATE AND TIME OF LATEST TRANSACTION
- control field: 20250918215115.0
008 - FIXED-LENGTH DATA ELEMENTS
- fixed length control field: 250918|| aca||aabn | a|a d
040 ## - CATALOGING SOURCE
- Original cataloging agency: OSt
- Transcribing agency: OSt
100 ## - HEADING--PERSONAL NAME
- Personal name: Urteaga, Luis
670 ## - SOURCE DATA FOUND
- Source citation: Work cat.: (OSt)59209: Lovecraft, Howard Phillips 1890-1937 autor 2716, La llamada de Cthulhu ; La llave de plata ; El caso de Charles Dexter Ward /